Contributions to sustainable development projects wanted (Record no. 73523)

MARC details
000 -LEADER
fixed length control field 01056cam a2200205 4500
001 - CONTROL NUMBER
control field WB3937-21
008 - FIXED-LENGTH DATA ELEMENTS--GENERAL INFORMATION
fixed length control field 031001n2003 000 0 eng u
035 ## - SYSTEM CONTROL NUMBER
System control number (Sirsi) u123804
245 ## - TITLE STATEMENT
Title Contributions to sustainable development projects wanted
260 ## - PUBLICATION, DISTRIBUTION, ETC.
Date of publication, distribution, etc. 2003
490 ## - SERIES STATEMENT
Series statement DEFRA News Release
Volume/sequential designation (402/03) 30 September 2003 (2)
520 ## - SUMMARY, ETC.
Summary, etc. The National Forest Company is looking for three new board members with skills in marketing, sustainable development and forest economy, to serve on their board. The board reports to DEFRA and aims to increase woodland cover in the East and West Midlands regions, providing economic regeneration and enhancing biodiversity, landscape, tourism and recreation. More information is available from Jon Hayward t +44 (0)20 7238 6826 [email protected]. http://www.defra.gov.uk/news/2003/030930b.htm
590 ## - LOCAL NOTE (RLIN)
Local note WB
650 ## - SUBJECT ADDED ENTRY--TOPICAL TERM
Topical term or geographic name entry element FORESTRY
650 ## - SUBJECT ADDED ENTRY--TOPICAL TERM
Topical term or geographic name entry element NATIONAL FOREST COMPANY
650 ## - SUBJECT ADDED ENTRY--TOPICAL TERM
Topical term or geographic name entry element WOODLAND MANAGEMENT
650 ## - SUBJECT ADDED ENTRY--TOPICAL TERM
Topical term or geographic name entry element SUSTAINABLE DEVELOPMENT
690 ## - LOCAL SUBJECT ADDED ENTRY--TOPICAL TERM (OCLC, RLIN)
Topical term or geographic name as entry element Rural
9 (RLIN) 6268
942 ## - ADDED ENTRY ELEMENTS (KOHA)
Suppress in OPAC 0
Holdings
Withdrawn status Lost status Source of classification or shelving scheme Damaged status Not for loan Home library Current library Shelving location Date acquired Total Checkouts Full call number Barcode Date last seen Copy number Price effective from Koha item type
    Dewey Decimal Classification     London London News article 01/10/2003   WB3937-21 123804-1002 06/08/2019 2 06/08/2019 News article